[Event "OP-2011-0-01958"]
[Site "LSS email"]
[Date "2011.12.25"]
[Round "?"]
[White "Boons, Lucien"]
[Black "Leal, Juan"]
[Result "1-0"]
[WhiteElo "1197"]
[BlackElo "1200"]
[PlyCount "31"]
[EventDate "2011.12.22"]
[EventType "tourn (corr)"]
[EventRounds "4"]
[EventCountry "GER"]
[SourceTitle "Corr 2015"]
[Source "ChessBase"]
[SourceDate "2015.07.17"]
[SourceVersion "1"]
[SourceVersionDate "2015.07.17"]
[SourceQuality "1"]

1. d4 d5 2. c4 e6 3. cxd5 exd5 4. Nc3 c6 5. Nf3 Nf6 6. Bg5 Be7 7. e3 Bg4 8. Be2 Bxf3 9. Bxf3 h6 10. Bh4 Nbd7 11. 0-0 0-0 12. Qc2 c5 13. Bxf6 Nxf6 14. dxc5 Rc8 15. b4 b6 16. c6 1-0

[Event "ZL-2011-0-01047"]
[Site "LSS email"]
[Date "2011.12.25"]
[Round "?"]
[White "Leal, Juan"]
[Black "Lauer, Fredric"]
[Result "0-1"]
[WhiteElo "1200"]
[BlackElo "1031"]
[PlyCount "52"]
[EventDate "2011.12.18"]
[EventType "match (corr)"]
[EventRounds "2"]
[EventCountry "GER"]
[SourceTitle "Telechess CBM 157"]
[Source "ChessBase"]
[SourceDate "2013.11.12"]
[SourceVersion "1"]
[SourceVersionDate "2013.11.12"]
[SourceQuality "1"]

1. d4 e6 2. c4 d5 3. Nc3 dxc4 4. e4 c5 5. d5 exd5 6. Qxd5 Qb6 7. Bxc4 Be6 8. Bb5+ Nc6 9. Bxc6+ Qxc6 10. Qxc6+ bxc6 11. Nge2 Nf6 12. Bg5 Be7 13. 0-0 0-0 14. Nf4 Bc4 15. Rfe1 h6 16. Bxf6 Bxf6 17. e5 Bg5 18. Nh3 Bd2 19. Red1 Bxc3 20. bxc3 Rad8 21. a3 Be2 22. Re1 Ba6 23. e6 fxe6 24. Rxe6 Rf6 25. Re7 Rf7 26. Re6 Rc7 0-1